00333nam a2200121Ia 450000500170000000800410001708200170005810000170007524500350009226000350012730000130016250000360017520250707024947.0240331s9999 xx 000 0 und d a302.234bTHE aThevathas, T 0aIlankait Tamil cinemavin katai aColombobVST Publicationc2015 a305 p ., aStory of Sri Lankan Tamil films